000
00302nam a22001337a 4500
008
170623b xxu||||| |||| 00| 0 eng d
020
_a
9789280811049
041
_a
eng
080
_a
321
100
_a
32
101
_a
SHP
245
_a
THE UN ROLE IN PROMOTING DEMOCRACY
_c
NEWMAN,E
942
_2
udc
_c
BK
999
_c
19014
_d
19014